Algorithmic learning in a random world / (Record no. 25680)

MARC details
000 -LEADER
fixed length control field 01238cam a2200337 i 4500
001 - CONTROL NUMBER
control field 13859194
003 - CONTROL NUMBER IDENTIFIER
control field EG-ScBUE
005 - DATE AND TIME OF LATEST TRANSACTION
control field 20241107094902.0
008 - FIXED-LENGTH DATA ELEMENTS--GENERAL INFORMATION
fixed length control field 050202t2005 nyua f b 001 0 eng d
020 ## - INTERNATIONAL STANDARD BOOK NUMBER
International Standard Book Number 9780387001524
020 ## - INTERNATIONAL STANDARD BOOK NUMBER
International Standard Book Number 0387001522
040 ## - CATALOGING SOURCE
Original cataloging agency DLC
Language of cataloging eng
Description conventions rda
Transcribing agency DLC
Modifying agency DLC
-- EG-ScBUE
082 04 - DEWEY DECIMAL CLASSIFICATION NUMBER
Classification number 519.287
Edition number 22
Item number VOV
100 1# - MAIN ENTRY--PERSONAL NAME
Personal name Vovk, Vladimir,
Dates associated with a name 1960-
Relator term author.
245 10 - TITLE STATEMENT
Title Algorithmic learning in a random world /
Statement of responsibility, etc Vladimir Vovk, University of London Egham, United Kingdom, Alexander Gammerman, University of London Egham, United Kingdom, Glenn Shafer, Rutgers Business School Newark, NJ, USA.
264 #1 - PUBLICATION, DISTRIBUTION, ETC. (IMPRINT)
Place of publication, distribution, etc New York :
Name of publisher, distributor, etc Springer,
Date of publication, distribution, etc [2005]
264 #4 - PUBLICATION, DISTRIBUTION, ETC. (IMPRINT)
Date of publication, distribution, etc c2005
300 ## - PHYSICAL DESCRIPTION
Extent xiv, 324 pages :
Other physical details illustrations ;
Dimensions 25 cm
336 ## - CONTENT TYPE
Source rdacontent
Content type term text
Content type code txt
337 ## - MEDIA TYPE
Media type term unmediated
Source rdamedia
Media type code n
338 ## - CARRIER TYPE
Carrier type term volume
Carrier type code nc
Source rdacarrier
504 ## - BIBLIOGRAPHY, ETC. NOTE
Bibliography, etc Includes bibliographical references and index.
650 #7 - SUBJECT ADDED ENTRY--TOPICAL TERM
Topical term or geographic name as entry element Prediction theory.
Source of heading or term BUEsh
9 (RLIN) 40925
650 #7 - SUBJECT ADDED ENTRY--TOPICAL TERM
Topical term or geographic name as entry element Algorithms.
Source of heading or term BUEsh
9 (RLIN) 13108
650 #7 - SUBJECT ADDED ENTRY--TOPICAL TERM
Topical term or geographic name as entry element Stochastic processes.
Source of heading or term BUEsh
9 (RLIN) 2923
653 ## - INDEX TERM--UNCONTROLLED
Resource For college Generalities
Arrived date list November2017
655 ## - INDEX TERM--GENRE/FORM
Form subdivision Reading book
700 1# - ADDED ENTRY--PERSONAL NAME
Personal name Gammerman, A.
Fuller form of name (Alexander)
Relator term author.
700 1# - ADDED ENTRY--PERSONAL NAME
Personal name Shafer, Glenn,
Dates associated with a name 1946-
Relator term author.
942 ## - ADDED ENTRY ELEMENTS (KOHA)
Source of classification or shelving scheme Dewey Decimal Classification
Koha item type Book - Borrowing
Holdings
Withdrawn status Lost status Source of classification or shelving scheme Damaged status Not for loan Home library Current library Shelving location Date acquired Total Checkouts Full call number Barcode Date last seen Price effective from Koha item type
    Dewey Decimal Classification     Central Library Central Library First floor 27/11/2017   519.287 VOV 000042574 15/07/2025 27/11/2017 Book - Borrowing